Mythical Creatures Photo Quiz - Statistics

General Stats
  • This quiz has been taken 1,012 times
  • The average score is 20 of 24
Answer Stats
Picture Answer % Correct
Dragon
97%
Mermaid
97%
Unicorn
97%
Medusa
96%
Bigfoot
94%
Cyclops
93%
Yeti
93%
Centaur
91%
Phoenix
90%
Troll
90%
Grim Reaper
89%
Leprechaun
89%
Zombie
89%
Kraken
88%
Minotaur
88%
Sphinx
87%
Cerberus
83%
Griffin
81%
Hydra
81%
Werewolf
73%
Chimera
60%
Satyr
51%
Basilisk
44%
Jackalope
40%
No matching quizzes found
Score Distribution
Percent of People with Each Score
Percentile by Number Answered
Your Score History
You have not taken this quiz